40 Paesi Mancanti Casuali sulla Mappa del Mondo - Statistics

Statistiche generali
  • Questo quiz è stato fatto 66.978 volte
  • Il punteggio medio è 21 su 40
Risposte nella Mappa
Le risposte nella mappa del quiz sottostante sono codificate secondo una scala di colori dal rosso al verde in base alla % di persone che hanno risposto correttamente.
 
Statistiche sulle risposte
Paese % Corretto
Stati Uniti
99%
Canada
98%
Italia
96%
Russia
96%
Brasile
95%
Francia
95%
Messico
95%
Germania
94%
Argentina
93%
Algeria
92%
Cina
92%
Egitto
90%
Mongolia
89%
Libia
88%
Polonia
88%
Ucraina
88%
Svizzera
87%
Austria
86%
Bolivia
85%
Kazakistan
85%
Spagna
85%
Colombia
84%
Turchia
83%
Bielorussia
82%
Repubblica Ceca
82%
India
81%
Paraguay
81%
Romania
81%
Repubblica Democratica del Congo
80%
Arabia Saudita
79%
Perù
79%
Sudafrica
79%
Sudan
78%
Svezia
78%
Venezuela
77%
Australia
74%
Etiopia
74%
Iran
74%
Ungheria
74%
Niger
73%
Panama
73%
Slovacchia
73%
Pakistan
72%
Finlandia
70%
Ciad
69%
Mali
68%
Serbia
68%
Nigeria
67%
Cile
66%
Indonesia
66%
Mauritania
66%
Afghanistan
65%
Bulgaria
65%
Croazia
65%
Marocco
65%
Norvegia
64%
Nepal
63%
Regno Unito
63%
Angola
62%
Ecuador
61%
Iraq
61%
Kenya
61%
Grecia
60%
Moldavia
60%
Namibia
60%
Sud Sudan
60%
Tanzania
60%
Uruguay
60%
Nicaragua
59%
Portogallo
59%
Repubblica Centrafricana
59%
Repubblica del Congo
58%
Guyana
57%
Bosnia ed Erzegovina
56%
Botswana
56%
Giappone
56%
Senegal
56%
Slovenia
56%
Costa Rica
55%
Uzbekistan
55%
Belgio
54%
Guatemala
54%
Lituania
54%
Camerun
53%
Mozambico
53%
Costa d'Avorio
52%
Macedonia del Nord
52%
Yemen
52%
Danimarca
51%
Ghana
51%
Togo
51%
Zambia
51%
Benin
50%
Tunisia
49%
Turkmenistan
49%
Zimbabwe
49%
Burkina Faso
48%
Honduras
48%
Suriname
48%
Uganda
48%
Birmania
46%
Kosovo
46%
Lettonia
46%
Oman
46%
Guinea
45%
Thailandia
45%
Laos
44%
Lesotho
44%
Nuova Zelanda
44%
Tagikistan
44%
Bhutan
42%
Corea del Nord
42%
Corea del Sud
42%
Eritrea
42%
Kirghizistan
42%
Montenegro
42%
Albania
41%
Georgia
41%
Somalia
41%
Siria
40%
Armenia
39%
Cuba
39%
Giordania
39%
Irlanda
39%
Madagascar
39%
Azerbaijan
38%
Gabon
38%
Malawi
38%
Bangladesh
37%
Estonia
37%
Islanda
37%
Paesi Bassi
36%
Papua Nuova Guinea
35%
Sierra Leone
35%
Sri Lanka
35%
Vietnam
34%
Ruanda
33%
Haiti
32%
Liberia
32%
Malesia
31%
Filippine
30%
Cambogia
29%
Guinea-Bissau
29%
Repubblica Dominicana
29%
Swaziland
29%
Malta
28%
Burundi
27%
El Salvador
27%
Taiwan
26%
Cipro
25%
Maldive
25%
Bahamas
24%
Belize
24%
Gambia
24%
Giamaica
23%
Guinea Equatoriale
23%
Stati Federati di Micronesia
23%
Capo Verde
22%
Comoros
22%
Kiribati
22%
Seychelles
22%
Israele
21%
Mauritius
21%
Emirati Arabi Uniti
20%
Gibuti
20%
Sao Tome e Principe
20%
Figi
18%
Isole Marshall
16%
Isole Salomone
16%
Qatar
16%
Kuwait
15%
Libano
15%
Palau
15%
Tuvalu
14%
Vanuatu
14%
Nauru
13%
Samoa
13%
Tonga
13%
Nessun quiz corrispondente trovato
Distribuzione punteggi
Percentuale di utenti per punteggio
Percentile per numero di risposta
I tuoi punteggi nel tempo
Non hai fatto questo quiz